Statistics for Biggest Stars in Milky Way Quiz

Click here to take the quiz!

General Stats

  • This quiz has been taken 55 times
  • The average score is 3 of 10

Answer Stats

Mass (KM)Answer% Correct
1,550,000,000Betelgeuse
78%
2,500,000,000UY Scuti
69%
2,000,000,000VY Canis Majoris
43%
1,250,000,000Antares
33%
1,965,000,000RW Cephei
8%
1,875,000,000KY Cygni
6%
1,900,000,000V354 Cephei
6%
1,850,000,000VV Cephei A
4%
1,710,000,000KW Sagittarii
2%
1,200,000,000V838 Monocerotis
2%

Score Distribution

Percentile by Number Answered

Percent of People with Each Score

Your Score History

You have not taken this quiz